01354nam a2200325 a 4500001001000000003000500010005001700015008004100032010001100073011001100084040000900095090001000104100003700114245013200151260004100283500006000324502015800384590004100542590004000583590004000623650004900663650003200712650004100744856007000785901000700855942001000862942000600872999001900878952013100897000115633CHAP20220329144542.0190617s2018 mx a |sm |||||||spa d a112094 a113066 cCHAP aTesis1 aTerrazas Ahumada, Diego.913610310aRecuperación de energía eólica residual de extractores de aire en invernaderosh[En línea]cpor Diego Terrazas Ahumada. aChapingo, Méx. :bEl autor,c2018. aPara ver el contenido del material haga clic en la liga aTesis (M. C. en Ingeniería Agrícola y Uso Integral del Agua) -- UACH. Departamento de Ingeniería Mecanica Agrícola y Departamento de Irrigación aBATCH-UPDb05c20190617lUCH01h1230 aE6337LMJb05c20190617lUCH01h1230 aE6337LMJb05c20190617lUCH01h123014aEnergía eólicaxAprovechamiento.913353714aEnergía renovable.93691014aInvernaderosxVentilación.9126353 aFinding aiduhttp://10.13.5.2/tesis/sist115633.pdfzTeclea aquí aBK cTESIS n0 c112094d112094 00104054718TESISaBCbBCd2019-06-17fTESISl0oTesisp115642-10r2019-12-31 00:00:00w2019-12-31yTESISzRecien adquirido